000 00385 a2200157 4500
001 159559
020 _a
040 _cMagnum
100 _a-
240 1 0 _aEnciclopedia ilustrada do estudante/perguntas-respostas
_lpor
245 1 0 _aEnciclopedia ilustrada do estudante/perguntas-respostas
362 0 _a1899
440 1 _aGlobo
697 _aMAGNITO: ENCICLOPEDIAS
942 _cBK
999 _c159559
_d159559